Top 10 Methodist States (% of Pop.) - Statistics

General Stats
  • This quiz has been taken 69 times
  • The average score is 8 of 10
Answer Stats
% of Population State % Correct
8.22 Alabama
93%
9.61 Kansas
88%
8.86 South Carolina
88%
9.13 North Carolina
87%
9.34 Mississippi
85%
10.37 Oklahoma
83%
9.20 Nebraska
82%
9.83 Iowa
78%
10.19 West Virginia
78%
9.17 Delaware
62%
No matching quizzes found
Score Distribution
Percent of People with Each Score
Percentile by Number Answered
Your Score History
You have not taken this quiz